000 00627nam a2200217Ii 4500
003 JO-AjNU
008 230606s9999||||xx |||||||||||||| ||und||
020 _a0-07-062029-6
040 _aJO-AjNU
_beng
_erda
_cJO-AjNU
041 _aeng
050 1 4 _aBF128.2002
100 3 _aFeldman,Robert S,
_eauthor
_91308
245 0 0 _aUnderstanding Psychology
250 _aSixth Edition
264 3 1 _aNew Delhi:Tata McGraw Hill Education , 2009
300 _a440p
336 _atext
_btxt
_2rdacontent
337 _aunmediated
_bn
_2rdamedia
338 _avolume
_bnc
_2rdacarrier
650 4 _aPsychology-Psychology -- Philosophy
_91309
999 _aE688
_c688
_d688